[Event "Speed Chess (Women) Q2"]
[Site "Chess.com INT"]
[Date "2022.05.26"]
[Round "4"]
[White "Mammadova, Gulnar Marfat Qizi"]
[Black "Aakanksha, Hagawane"]
[Result "0-1"]
[WhiteElo "2387"]
[BlackElo "2162"]
[PlyCount "64"]
[EventDate "2022.05.26"]
[EventType "swiss (blitz)"]
[EventRounds "14"]
[EventCountry "USA"]
[SourceTitle "CBM 208 Extra"]
[Source "ChessBase"]
[SourceDate "2022.07.31"]
[SourceVersion "1"]
[SourceVersionDate "2022.07.31"]
[SourceQuality "1"]

1. e4 e5 2. Nf3 Nc6 3. Bc4 Nf6 4. d3 Bc5 5. Nc3 h6 6. a3 0-0 7. Be3 Bb6 8. 0-0 d6 9. h3 Be6 10. Qd2 Kh7 11. Bxb6 axb6 12. Nh2 d5 13. exd5 Nxd5 14. Bxd5 Bxd5 15. f4 exf4 16. Qxf4 Be6 17. Nf3 Qd7 18. Rae1 Rad8 19. Ne4 Nd4 20. Nxd4 Qxd4+ 21. Rf2 Qxb2 22. Qxc7 Qxa3 23. Qxb6 Bd5 24. Ng3 Bc6 25. Ref1 Qc3 26. Nf5 Rd5 27. Ne7 Rb5 28. Qc7 Qc5 29. Nxc6 bxc6 30. Kh1 Rb2 31. Rxf7 Rxf7 32. Qd7 Rxd7 0-1

[Event "Speed Chess (Women) Q1"]
[Site "Chess.com INT"]
[Date "2022.05.25"]
[Round "5"]
[White "Bhakti, Kulkarni"]
[Black "Aakanksha, Hagawane"]
[Result "1-0"]
[WhiteElo "2370"]
[BlackElo "2162"]
[PlyCount "87"]
[EventDate "2022.05.24"]
[EventType "swiss (blitz)"]
[EventRounds "14"]
[EventCountry "USA"]
[SourceTitle "CBM 208 Extra"]
[Source "ChessBase"]
[SourceDate "2022.07.31"]
[SourceVersion "1"]
[SourceVersionDate "2022.07.31"]
[SourceQuality "1"]

1. d4 Nf6 2. Nf3 c5 3. d5 d6 4. c4 e6 5. Nc3 exd5 6. cxd5 g6 7. Qa4+ Bd7 8. Qf4 Qe7 9. e4 a6 10. e5 dxe5 11. Qxe5 Qxe5+ 12. Nxe5 Bd6 13. Nc4 Bc7 14. Bg5 Nh5 15. d6 Bd8 16. Bxd8 Kxd8 17. Nb6 Ra7 18. 0-0-0 Bc6 19. Ncd5 Nd7 20. Nxd7 Bxd5 21. Nb6 Bc6 22. Rg1 Nf6 23. Bc4 Nd7 24. Nxd7 Kxd7 25. f3 b5 26. Bxf7 Rf8 27. Bb3 Rf6 28. Bg8 Rxd6 29. Bxh7 Rxd1+ 30. Rxd1+ Ke6 31. Bxg6 Rg7 32. Bh5 Rxg2 33. Bg4+ Ke7 34. Re1+ Kf7 35. h4 Bd5 36. a3 b4 37. axb4 cxb4 38. h5 a5 39. Re5 Bc4 40. Rxa5 b3 41. Rc5 Bd3 42. h6 Kg6 43. Rc6+ Kh7 44. Rc3 1-0

[Event "Titled Tuesday intern op 24th May Early"]
[Site "Chess.com INT"]
[Date "2022.05.24"]
[Round "1"]
[White "Khoroshev, Nikita"]
[Black "Aakanksha, Hagawane"]
[Result "1-0"]
[WhiteElo "2327"]
[BlackElo "2162"]
[PlyCount "79"]
[EventDate "2022.05.24"]
[EventType "swiss (blitz)"]
[EventRounds "11"]
[EventCountry "USA"]
[SourceTitle "EXT 2023"]
[Source "ChessBase"]
[SourceDate "2022.10.05"]
[SourceVersion "1"]
[SourceVersionDate "2022.10.05"]
[SourceQuality "1"]

1. e4 e5 2. Nf3 Nc6 3. Bb5 a6 4. Ba4 Nf6 5. 0-0 Nxe4 6. d4 b5 7. Bb3 d5 8. dxe5 Be6 9. a4 b4 10. a5 Nc5 11. Be3 Nxb3 12. cxb3 Be7 13. Qc2 Nb8 14. Rc1 c6 15. Nd4 Bd7 16. Nf5 Bxf5 17. Qxf5 0-0 18. Nd2 d4 19. Bf4 c5 20. Ne4 Qd5 21. Bg5 g6 22. Qf4 Bxg5 23. Nxg5 Nd7 24. Qh4 h5 25. f4 f6 26. Nf3 fxe5 27. Qg5 Kg7 28. fxe5 Rf5 29. Qe7+ Qf7 30. Qd6 Re8 31. Qxa6 Nxe5 32. Nxe5 Rexe5 33. Rf1 Qd5 34. Rxf5 Rxf5 35. Qc4 Qe4 36. a6 Rg5 37. Qf1 Rf5 38. Qb5 Rg5 39. Qb7+ Qxb7 40. axb7 1-0